[Event "Lliga Catalana DH"]
[Site "?"]
[Date "2015.03.07"]
[Round "7.10"]
[White "Vicente Bessen, K."]
[Black "Travesset Ribera, D."]
[Result "0-1"]
[WhiteElo "2025"]
[BlackElo "2273"]
[PlyCount "104"]
[EventDate "2015.??.??"]
[EventType "team"]

1. d4 Nf6 2. c4 e6 3. Nc3 Bb4 4. Nf3 b6 5. Bg5 h6 6. Bxf6 Qxf6 7. e4 Bb7 8. Qc2
c5 9. d5 Bxc3+ 10. bxc3 e5 11. Be2 O-O 12. O-O d6 13. a4 Nd7 14. a5 g5 15. Qa4
Rad8 16. axb6 axb6 17. Qb5 Qf4 18. Ra7 Bc8 19. Qb1 Nf6 20. Bd3 Nh5 21. Qc1 Qf6
22. Qe3 Nf4 23. Rb1 Bg4 24. Bf1 Nh3+ 25. gxh3 Bxf3 26. Bg2 Bh5 27. f3 Ra8 28.
Rba1 Rxa7 29. Rxa7 Rb8 30. Ra6 Kg7 31. Ra2 Qd8 32. Bf1 Ra8 33. Rg2 Kh7 34. Be2
Ra1+ 35. Bf1 Qd7 36. Rg3 b5 37. Qe2 bxc4 38. Qxc4 Qb7 39. Kf2 Qb2+ 40. Be2 Qc1
41. Qb3 Rb1 42. Qc4 Qe1+ 43. Ke3 Rc1 44. Kd3 Ra1 45. Qb3 Rb1 46. Qc2 Ra1 47.
Qd2 Qb1+ 48. Qc2 c4+ 49. Kd2 Ra2 50. Qxa2 Qxa2+ 51. Ke1 Qa1+ 52. Kd2 Qb2+ 0-1

[Event "Lliga Catalana DH"]
[Site "?"]
[Date "2015.03.07"]
[Round "7.1"]
[White "Cuartas Medina, JA."]
[Black "Peralta, F."]
[Result "1/2-1/2"]
[WhiteElo "2541"]
[BlackElo "2575"]
[PlyCount "70"]
[EventDate "2015.??.??"]
[EventType "team"]

1. e4 d6 2. d4 Nf6 3. Nc3 g6 4. Nf3 Bg7 5. Bc4 Nc6 6. h3 O-O 7. d5 Nb8 8. O-O
c6 9. a4 a5 10. Re1 Na6 11. dxc6 bxc6 12. e5 Ne8 13. Bf4 d5 14. Qd2 Nec7 15.
Bxa6 Bxa6 16. Bh6 c5 17. Rad1 Bb7 18. Qf4 Ne6 19. Qh4 d4 20. Ne4 Bxe4 21. Rxe4
Qd5 22. Rde1 Rfb8 23. b3 d3 24. cxd3 Rxb3 25. Bxg7 Kxg7 26. Qxe7 Qd8 27. Qf6+
Qxf6 28. exf6+ Kxf6 29. d4 cxd4 30. Nxd4 Nxd4 31. Rxd4 Rb4 32. Rxb4 axb4 33.
Rb1 Rb8 34. a5 Ra8 35. Rxb4 Rxa5 1/2-1/2

[Event "Lliga Catalana DH"]
[Site "?"]
[Date "2015.03.07"]
[Round "7.2"]
[White "Fluvia Poyatos, Joan"]
[Black "Matnadze, A."]
[Result "1/2-1/2"]
[WhiteElo "2551"]
[BlackElo "2499"]
[PlyCount "92"]
[EventDate "2015.??.??"]
[EventType "team"]

1. e4 d6 2. d4 g6 3. Nc3 Bg7 4. Be3 c6 5. Qd2 Nf6 6. Bh6 O-O 7. O-O-O b5 8. f3
b4 9. Nce2 Qa5 10. Kb1 Be6 11. Nc1 Nbd7 12. h4 Rfb8 13. Bxg7 Kxg7 14. Qg5 Qc7
15. h5 h6 16. Qe3 g5 17. f4 gxf4 18. Qxf4 a5 19. Rd3 Rh8 20. Nf3 a4 21. g4 b3
22. g5 hxg5 23. Nxg5 bxc2+ 24. Kxc2 Kf8 25. Rc3 Bg4 26. h6 e5 27. dxe5 dxe5 28.
Qf2 Ke7 29. Bc4 Raf8 30. h7 Qd6 31. Be2 Qd4 32. Qh4 Be6 33. Rf1 Rb8 34. b3 Bd5
35. Rd1 Bxe4+ 36. Nxe4 Qxe4+ 37. Qxe4 Nxe4 38. Rxc6 axb3+ 39. Nxb3 Rbc8 40. Na5
Nef6 41. Bb5 Ra8 42. Rc7 Rxa5 43. Bxd7 Nxh7 44. Bh3+ Kf6 45. Rf1+ Kg6 46. Bf5+
Kg7 1/2-1/2

[Event "Lliga Catalana DH"]
[Site "?"]
[Date "2015.03.07"]
[Round "7.3"]
[White "Exposito Amaro, J."]
[Black "Panelo Muñoz, MA."]
[Result "0-1"]
[WhiteElo "2436"]
[BlackElo "2457"]
[PlyCount "114"]
[EventDate "2015.??.??"]
[EventType "team"]

1. e4 c5 2. Nf3 d6 3. Bb5+ Bd7 4. Bxd7+ Qxd7 5. c4 Nf6 6. Nc3 g6 7. O-O Bg7 8.
Re1 Nc6 9. d3 O-O 10. Be3 a6 11. Qd2 Rab8 12. Rad1 b5 13. b3 b4 14. Ne2 a5 15.
Bh6 e5 16. Ng3 Ne8 17. Bxg7 Nxg7 18. Qh6 f6 19. h4 Ne6 20. Qd2 Ra8 21. h5 Nf4
22. hxg6 hxg6 23. Ne2 Nxe2+ 24. Rxe2 Kg7 25. Re3 Rh8 26. Ne1 Rh5 27. Rg3 a4 28.
Nc2 axb3 29. axb3 Ra2 30. Ra1 Qa7 31. Qd1 Rxa1 32. Nxa1 Rh4 33. Nc2 Qa2 34. Ne3
Kf7 35. Rh3 Rf4 36. Rf3 Nd4 37. Rxf4 exf4 38. Qg4 Ne6 39. Nd5 Qxb3 40. Nc7 Nf8
41. Qc8 Qd1+ 42. Kh2 Qh5+ 43. Kg1 Qe5 44. Nd5 Qe6 45. Qa8 g5 46. Nc7 Qd7 47.
Qd5+ Kg7 48. Qxd6 Qxd6 49. Ne8+ Kf7 50. Nxd6+ Ke6 51. Nb5 Ke5 52. Kf1 Ne6 53.
Ke1 g4 54. g3 fxg3 55. fxg3 Ng5 56. Kd2 Nf3+ 57. Ke3 b3 0-1

[Event "Lliga Catalana DH"]
[Site "?"]
[Date "2015.03.07"]
[Round "7.4"]
[White "Jose Abril, R."]
[Black "Cervello Tost, F."]
[Result "1-0"]
[WhiteElo "2400"]
[BlackElo "2318"]
[PlyCount "85"]
[EventDate "2015.??.??"]
[EventType "team"]

1. Nf3 f5 2. d4 Nf6 3. Bf4 e6 4. e3 d6 5. c4 g6 6. Nc3 Bg7 7. h3 O-O 8. Be2
Nbd7 9. Bh2 Ne4 10. Qb3 Ndf6 11. Rd1 g5 12. Nd2 Bd7 13. Ndxe4 Nxe4 14. Nxe4
fxe4 15. c5 d5 16. O-O Bc6 17. Qc3 Qd7 18. b4 Rf7 19. f3 exf3 20. Rxf3 Rxf3 21.
Bxf3 Rf8 22. Qe1 Qf7 23. Qg3 Qg6 24. Qxc7 Qc2 25. Qg3 Bb5 26. Qf2 Qg6 27. Bd6
Rf7 28. a4 Bxa4 29. Ra1 Bc6 30. Rxa7 h5 31. Qe2 g4 32. hxg4 hxg4 33. Bxg4 Bh6
34. Bf4 Qb1+ 35. Kh2 Bxf4+ 36. exf4 Rh7+ 37. Bh3 Qf5 38. Qe5 Qxe5 39. fxe5 Rh4
40. g4 Bb5 41. Kg3 Rh7 42. g5 Re7 43. Ra5 1-0

[Event "Lliga Catalana DH"]
[Site "?"]
[Date "2015.03.07"]
[Round "7.5"]
[White "Ayza Leon, D."]
[Black "Oms Fuentes, L."]
[Result "1/2-1/2"]
[WhiteElo "2305"]
[BlackElo "2378"]
[PlyCount "21"]
[EventDate "2015.??.??"]
[EventType "team"]

1. e4 g6 2. d4 Bg7 3. f4 c6 4. Nf3 d5 5. e5 h5 6. Bd3 Nh6 7. O-O Na6 8. c3 Bf5
9. Nh4 e6 10. Nxf5 Nxf5 11. Na3 1/2-1/2

[Event "Lliga Catalana DH"]
[Site "?"]
[Date "2015.03.07"]
[Round "7.6"]
[White "Gutierrez Clares, J."]
[Black "Capellades Subirana, M."]
[Result "1-0"]
[WhiteElo "2328"]
[BlackElo "2295"]
[PlyCount "69"]
[EventDate "2015.??.??"]
[EventType "team"]

1. d4 Nf6 2. c4 e6 3. Nf3 Bb4+ 4. Bd2 Be7 5. Nc3 d5 6. Bf4 c6 7. c5 O-O 8. e3
b6 9. b4 Ba6 10. Bxa6 Nxa6 11. Qa4 Qc8 12. O-O b5 13. Qb3 Nb8 14. a4 bxa4 15.
Rxa4 Nbd7 16. h3 Qb7 17. Qa3 a6 18. Ra1 Nb8 19. Bxb8 Raxb8 20. Rxa6 Qxb4 21.
Rxc6 Ne4 22. Qxb4 Rxb4 23. Nxe4 dxe4 24. Nd2 Rd8 25. Ra7 Bf8 26. Rb6 Rxb6 27.
cxb6 e5 28. b7 exd4 29. Ra8 dxe3 30. fxe3 Rxd2 31. b8=Q h6 32. Qxf8+ Kh7 33.
Qxf7 Rd1+ 34. Kh2 Rd2 35. Qf5+ 1-0

[Event "Lliga Catalana DH"]
[Site "?"]
[Date "2015.03.07"]
[Round "7.7"]
[White "Garcia Ramos, D."]
[Black "Fernandez Madrid, C."]
[Result "1-0"]
[WhiteElo "2260"]
[BlackElo "2270"]
[PlyCount "93"]
[EventDate "2015.??.??"]
[EventType "team"]

1. e4 g6 2. d4 Bg7 3. Nf3 c6 4. Bd3 d5 5. e5 Nh6 6. c3 Qb6 7. O-O O-O 8. Re1 a5
9. Qc2 Bf5 10. Nbd2 Bxd3 11. Qxd3 Na6 12. Nf1 c5 13. Bg5 cxd4 14. Nxd4 Nc5 15.
Qh3 Nf5 16. Nxf5 gxf5 17. Bxe7 Ne4 18. Qe3 Qxb2 19. Bxf8 Bxf8 20. Qf4 Bc5 21.
Ne3 Nxf2 22. Qxf2 Qxf2+ 23. Kxf2 f4 24. Kf3 Bxe3 25. Red1 Rc8 26. Rd3 Rc4 27.
g3 b6 28. Rxd5 Rxc3 29. gxf4 Bc5+ 30. Kg4 Rc2 31. h4 Rf2 32. f5 Rg2+ 33. Kh3
Re2 34. h5 h6 35. Kg4 a4 36. Kf3 Rf2+ 37. Ke4 Re2+ 38. Kd3 Rh2 39. e6 Kf8 40.
Rd8+ Kg7 41. Rd7 Rxh5 42. Rxf7+ Kg8 43. f6 Re5 44. Rg7+ Kf8 45. e7+ Ke8 46.
Rg8+ Kf7 47. Rf8+ 1-0

[Event "Lliga Catalana DH"]
[Site "?"]
[Date "2015.03.07"]
[Round "7.8"]
[White "Fernandez Serrano, P."]
[Black "Ezquerro Luque, A."]
[Result "1/2-1/2"]
[WhiteElo "2256"]
[BlackElo "2257"]
[PlyCount "167"]
[EventDate "2015.??.??"]
[EventType "team"]

1. d4 d6 2. Bf4 g6 3. e3 Bg7 4. Nf3 Nd7 5. h3 e5 6. Bh2 Ne7 7. Be2 O-O 8. O-O
h6 9. c4 f5 10. Nc3 g5 11. c5 exd4 12. cxd6 dxc3 13. dxe7 Qxe7 14. bxc3 Nc5 15.
Nd4 c6 16. Nxc6 bxc6 17. Bd6 Qf6 18. Bxc5 Rd8 19. Bd4 Qf7 20. Qa4 Be6 21. Bxg7
Kxg7 22. Rfd1 Rac8 23. Qa5 Rd5 24. Qa6 Rc7 25. c4 Re5 26. Qa3 c5 27. Qc3 Qf6
28. Rd6 Re4 29. Qe1 Qf7 30. Rc1 h5 31. Bd3 Re5 32. Qc3 Qf6 33. Bf1 f4 34. exf4
gxf4 35. Re1 Rxe1 36. Qxe1 Re7 37. Qd1 Qe5 38. Rd8 Rf7 39. Qf3 Qg5 40. Rd6 Qe5
41. Rd8 Qg5 42. Rd6 Qe5 43. Ra6 Bc8 44. Ra3 Qg5 45. Qd5 Qxd5 46. cxd5 Kf6 47.
Rc3 Rc7 48. d6 Rc6 49. d7 Bxd7 50. Bb5 Rd6 51. Bxd7 Rxd7 52. Rxc5 Rd1+ 53. Kh2
Rd2 54. Ra5 Rxf2 55. Kg1 Rc2 56. Rxa7 Kg5 57. Ra4 Rb2 58. Kf1 Rc2 59. Ra3 Kh4
60. Rf3 Rxa2 61. Rxf4+ Kg3 62. Rf3+ Kh4 63. Re3 Rb2 64. Ra3 Rc2 65. Kg1 Rb2 66.
Kh2 Rc2 67. Re3 Ra2 68. Re4+ Kg5 69. h4+ Kg6 70. Rb4 Ra3 71. Rb5 Ra4 72. Rg5+
Kh6 73. Kh3 Ra3+ 74. Rg3 Ra4 75. Rb3 Rc4 76. Rb6+ Kg7 77. Kg3 Rg4+ 78. Kh3 Rc4
79. Ra6 Rb4 80. Rd6 Rc4 81. Re6 Rb4 82. Kg3 Rg4+ 83. Kh3 Rb4 84. Kg3 1/2-1/2

[Event "Lliga Catalana DH"]
[Site "?"]
[Date "2015.03.07"]
[Round "7.9"]
[White "Povill Claros, X."]
[Black "Gardela Batlle, J."]
[Result "1-0"]
[WhiteElo "2201"]
[BlackElo "2250"]
[PlyCount "103"]
[EventDate "2015.??.??"]
[EventType "team"]

1. e4 c5 2. Nf3 e6 3. b3 d6 4. Bb5+ Nd7 5. c4 Ngf6 6. Nc3 a6 7. Bxd7+ Qxd7 8.
d4 Qc7 9. O-O Be7 10. e5 Nd7 11. exd6 Bxd6 12. Ne4 Be7 13. Bb2 O-O 14. d5 exd5
15. Qxd5 Qc6 16. Qxc6 bxc6 17. Ne5 Nxe5 18. Bxe5 a5 19. Bd6 Bxd6 20. Nxd6 a4
21. Ne4 Ra5 22. Nc3 Be6 23. Nxa4 Bxc4 24. Rfc1 Bd5 25. Rxc5 Rfa8 26. Rxa5 Rxa5
27. Rc1 Kf8 28. Rc5 Ra6 29. f3 Ke7 30. Kf2 Kd6 31. Rc2 Ra5 32. Nb6 Be6 33. Ke3
Ra6 34. Na4 Ra5 35. Rd2+ Kc7 36. Kd4 Rd5+ 37. Kc3 Re5 38. Nb2 Re3+ 39. Kb4 Re1
40. Nd3 Rb1 41. Nc5 Bd5 42. a4 h5 43. Ra2 g5 44. a5 g4 45. fxg4 hxg4 46. a6 Kb8
47. a7+ Ka8 48. Ra3 Be6 49. Na4 Rxb3+ 50. Rxb3 Bxb3 51. Kxb3 Kxa7 52. h4 1-0

[Event "Lliga Catalana DH"]
[Site "?"]
[Date "2015.03.07"]
[Round "7.10"]
[White "Barcelo Sola, D."]
[Black "Subirachs Mancebo, G."]
[Result "1/2-1/2"]
[WhiteElo "2071"]
[BlackElo "2212"]
[PlyCount "104"]
[EventDate "2015.??.??"]
[EventType "team"]

1. e4 c5 2. Nf3 Nc6 3. Bb5 g6 4. O-O Bg7 5. Re1 Nf6 6. c3 O-O 7. d4 cxd4 8. e5
Nd5 9. cxd4 d6 10. Nc3 Nc7 11. Bxc6 bxc6 12. Bg5 f6 13. Bh4 Bg4 14. exd6 exd6
15. h3 Be6 16. Qa4 Qd7 17. Rad1 Nd5 18. Bg3 Bh6 19. Ne4 Bf4 20. Bxf4 Nxf4 21.
Ng3 Bd5 22. Qa3 Rfe8 23. Rxe8+ Rxe8 24. Re1 Rxe1+ 25. Nxe1 g5 26. Qe3 Kf7 27.
a3 h5 28. Ne4 Qe7 29. Nc3 Bc4 30. Qxe7+ Kxe7 31. Kh2 Ne2 32. Nc2 Nxc3 33. bxc3
a5 34. Kg3 Ke6 35. h4 Bd3 36. Ne3 Be2 37. f4 g4 38. f5+ Kd7 39. Kf4 Bd3 40. Nd1
d5 41. Nb2 Bc2 42. c4 Kc7 43. c5 Kd7 44. g3 Kc7 45. Ke3 Bxf5 46. Nd1 Kd7 47.
Kf4 Ke6 48. Nc3 Bc2 49. Ne2 Bd3 50. Nc3 Bc2 51. Ne2 Bd1 52. Nc3 Bc2 1/2-1/2

[Event "Lliga Catalana DH"]
[Site "?"]
[Date "2015.03.07"]
[Round "7.1"]
[White "Cruz Sanchez, J."]
[Black "Herraiz Hidalgo, H."]
[Result "1/2-1/2"]
[WhiteElo "2501"]
[BlackElo "2473"]
[PlyCount "66"]
[EventDate "2015.??.??"]
[EventType "team"]

1. c4 e6 2. Nf3 d5 3. e3 Nf6 4. b3 c5 5. d4 Nc6 6. a3 Be7 7. Bb2 O-O 8. Bd3
cxd4 9. exd4 b6 10. O-O Bb7 11. Nbd2 Re8 12. Re1 Rc8 13. Rc1 dxc4 14. bxc4 Rc7
15. d5 Na5 16. dxe6 fxe6 17. Qc2 Bc5 18. Ne4 Bxe4 19. Bxe4 h6 20. Rcd1 Rd7 21.
Bg6 Rf8 22. Qe2 Rxd1 23. Rxd1 Qc8 24. Bd3 Nc6 25. h3 Rd8 26. Bxf6 gxf6 27. Nh4
f5 28. Qh5 Bf8 29. g4 Ne5 30. gxf5 Rxd3 31. Rxd3 Nxd3 32. Qg4+ Bg7 33. f6 Qd7
1/2-1/2

[Event "Lliga Catalana DH"]
[Site "?"]
[Date "2015.03.07"]
[Round "7.2"]
[White "Amigo Vilalta, J."]
[Black "Cruz Estrada, F."]
[Result "0-1"]
[WhiteElo "2341"]
[BlackElo "2462"]
[PlyCount "86"]
[EventDate "2015.??.??"]
[EventType "team"]

1. d4 Nf6 2. c4 e6 3. g3 c5 4. d5 exd5 5. cxd5 d6 6. Nc3 g6 7. Bg2 Bg7 8. Nf3
O-O 9. O-O Re8 10. Nd2 a6 11. a4 Nbd7 12. Nc4 Nb6 13. Na3 Bd7 14. Bf4 Nc8 15.
Nc4 Qc7 16. Re1 Rb8 17. e4 Nh5 18. a5 Nxf4 19. gxf4 Bb5 20. Ne3 Na7 21. h4 Qd8
22. Qg4 Bd3 23. h5 Nb5 24. hxg6 hxg6 25. Nxb5 axb5 26. Bf1 Bxf1 27. Nxf1 Bxb2
28. Ng3 Bxa1 29. Rxa1 b4 30. Kg2 Qf6 31. Rh1 Qg7 32. f5 b3 33. fxg6 fxg6 34.
Ne2 b2 35. f3 Rf8 36. Nf4 Rf7 37. Ne6 Qf6 38. f4 Rh7 39. Re1 c4 40. Ng5 Rh5 41.
Qd7 Qxf4 42. Qe6+ Kh8 43. Nf3 Rf8 0-1

[Event "Lliga Catalana DH"]
[Site "?"]
[Date "2015.03.07"]
[Round "7.3"]
[White "Rivero Ojeda, C."]
[Black "Canal Oliveras, J."]
[Result "1/2-1/2"]
[WhiteElo "2346"]
[BlackElo "2339"]
[PlyCount "33"]
[EventDate "2015.??.??"]
[EventType "team"]

1. e4 e5 2. Nf3 Nc6 3. Bb5 f5 4. d3 Nf6 5. O-O fxe4 6. dxe4 Bc5 7. Qd3 d6 8.
Qc4 Qe7 9. Nc3 a6 10. Bxc6+ bxc6 11. Na4 Be6 12. Qd3 Ba7 13. c4 O-O 14. b3 Nh5
15. c5 a5 16. h3 h6 17. Bd2 1/2-1/2

[Event "Lliga Catalana DH"]
[Site "?"]
[Date "2015.03.07"]
[Round "7.4"]
[White "Dalo, H."]
[Black "Gonzalez Garcia, M."]
[Result "0-1"]
[WhiteElo "2312"]
[BlackElo "2331"]
[PlyCount "110"]
[EventDate "2015.??.??"]
[EventType "team"]

1. d4 Nf6 2. Nf3 d5 3. c4 e6 4. Nc3 Bb4 5. e3 O-O 6. Bd3 c5 7. O-O Nc6 8. a3
Bxc3 9. bxc3 Qc7 10. h3 Re8 11. Bb2 Na5 12. cxd5 exd5 13. Ne5 c4 14. Bc2 Ne4
15. Qh5 g6 16. Qh6 Nb3 17. Rad1 Nd6 18. Qf4 Qe7 19. a4 Bf5 20. Bxf5 Nxf5 21. g4
Ng7 22. Rfe1 f6 23. Nf3 g5 24. Qg3 Qd7 25. Nd2 Nxd2 26. Rxd2 h5 27. a5 hxg4 28.
hxg4 f5 29. gxf5 Qxf5 30. Qg2 g4 31. Rde2 Re4 32. Ba3 Ne6 33. f4 Rd8 34. Qg3
Kf7 35. Rb1 Rd7 36. Reb2 Nd8 37. Kf2 Re8 38. Bc5 Ne6 39. Rxb7 Red8 40. Bd6 Ng5
41. Kg1 Ne4 42. Qh4 Nxd6 43. Qxd8 Nxb7 44. e4 Rxd8 45. exf5 Nxa5 46. Kf2 Kf6
47. Rh1 Kxf5 48. Kg3 Ke4 49. Rh7 Nc6 50. Rh6 Nxd4 51. cxd4 Rc8 52. Kxg4 Rg8+
53. Kh5 Kxf4 54. Ra6 Ke4 55. Rxa7 Kxd4 0-1

[Event "Lliga Catalana DH"]
[Site "?"]
[Date "2015.03.07"]
[Round "7.5"]
[White "Boix Moreno, D."]
[Black "Vera Pons, F."]
[Result "0-1"]
[WhiteElo "2320"]
[BlackElo "2314"]
[PlyCount "82"]
[EventDate "2015.??.??"]
[EventType "team"]

1. e4 g6 2. d4 Bg7 3. Nc3 d6 4. Bg5 Nf6 5. Qd2 h6 6. Bh4 g5 7. Bg3 Nh5 8. O-O-O
a6 9. Qe2 Nxg3 10. hxg3 e6 11. f4 Nc6 12. e5 dxe5 13. dxe5 Qe7 14. Nf3 Bd7 15.
Qe3 O-O-O 16. Ne4 g4 17. Ne1 Kb8 18. Be2 h5 19. Nd3 Bc8 20. Ndc5 Rxd1+ 21. Rxd1
Rd8 22. Qc3 Rxd1+ 23. Bxd1 Qe8 24. Be2 Ne7 25. Qb3 Ka8 26. Qa3 Ka7 27. b4 Nf5
28. Qc3 Qd8 29. Nb3 b6 30. Ng5 Qe7 31. Ne4 Bb7 32. Bd3 Qd7 33. Kb2 Ne3 34. Qd2
Bxe4 35. Qxe3 Bxg2 36. Bxa6 Kxa6 37. Qe2+ Ka7 38. Qxg2 f6 39. exf6 Bxf6+ 40.
Kc1 Bc3 41. Qe4 Qb5 0-1

[Event "Lliga Catalana DH"]
[Site "?"]
[Date "2015.03.07"]
[Round "7.6"]
[White "Ballesteros Collazos, S."]
[Black "Leiro Giralt, D."]
[Result "1/2-1/2"]
[WhiteElo "2309"]
[BlackElo "2304"]
[PlyCount "74"]
[EventDate "2015.??.??"]
[EventType "team"]

1. e4 e5 2. f4 d5 3. exd5 exf4 4. Nf3 Nf6 5. Bb5+ c6 6. dxc6 Nxc6 7. d4 Bd6 8.
O-O O-O 9. Nbd2 Bg4 10. c3 Bc7 11. Re1 Re8 12. Bd3 Rxe1+ 13. Qxe1 Qd5 14. Ne4
Bxf3 15. Nxf6+ gxf6 16. gxf3 Qxf3 17. Qe4 Qxe4 18. Bxe4 Re8 19. Bf3 Nd8 20. Bd2
b6 21. Kf2 Kg7 22. Rg1+ Kf8 23. Rg4 Ne6 24. h4 f5 25. Rg1 Bd8 26. Rh1 Bc7 27.
Be2 Rd8 28. Kf3 Ke7 29. Rg1 Kf6 30. Bc1 Re8 31. d5 Nc5 32. Bc4 Re4 33. b3 Nd7
34. Bb5 Ne5+ 35. Kf2 Ng4+ 36. Kf3 Ne5+ 37. Kf2 Ng4+ 1/2-1/2

[Event "Lliga Catalana DH"]
[Site "?"]
[Date "2015.03.07"]
[Round "7.7"]
[White "Gallart Zafra, J."]
[Black "Martin Grillo, R."]
[Result "1-0"]
[WhiteElo "2299"]
[BlackElo "2303"]
[PlyCount "89"]
[EventDate "2015.??.??"]
[EventType "team"]

1. e4 c5 2. Nf3 d6 3. d4 cxd4 4. Nxd4 Nf6 5. Nc3 a6 6. Bg5 e6 7. f4 Nc6 8. Qd3
h6 9. Bh4 Bd7 10. O-O-O g5 11. fxg5 Ng4 12. Be2 Nge5 13. Qd2 Be7 14. Kb1 hxg5
15. Bg3 Qc7 16. Rhf1 O-O-O 17. h3 Kb8 18. Nf3 f6 19. Nd4 Rc8 20. Nb3 Rhd8 21.
h4 Rg8 22. h5 Rgd8 23. Qe3 b5 24. Bxb5 axb5 25. Nxb5 Qb7 26. Nxd6 Bxd6 27. Rxd6
Ka8 28. Bxe5 Nxe5 29. Nc5 Nc4 30. Nxb7 Nxe3 31. Nxd8 Rxd8 32. Rxf6 Nc4 33. Rd4
Ne5 34. h6 Rh8 35. b4 Bc8 36. Kb2 Ng4 37. Rg6 Nxh6 38. Rxg5 Nf7 39. Rg7 Ne5 40.
b5 Bb7 41. Kb3 Rf8 42. a4 Rf1 43. Kb4 Rc1 44. c4 Rb1+ 45. Kc5 1-0

[Event "Lliga Catalana DH"]
[Site "?"]
[Date "2015.03.07"]
[Round "7.8"]
[White "Serrano Aspa, X."]
[Black "Prat Llables, J."]
[Result "1-0"]
[WhiteElo "2262"]
[BlackElo "2294"]
[PlyCount "101"]
[EventDate "2015.??.??"]
[EventType "team"]

1. b3 e5 2. Bb2 Nc6 3. e3 Nf6 4. Bb5 Bd6 5. c4 e4 6. Bxc6 dxc6 7. Qc2 Qe7 8.
Bxf6 gxf6 9. Nc3 f5 10. Nge2 Be6 11. Nf4 O-O-O 12. g3 Be5 13. d3 exd3 14. Nxd3
Bg7 15. Nf4 Qd6 16. Rc1 Rd7 17. Ke2 Rhd8 18. Rhd1 Qe5 19. Rxd7 Rxd7 20. Nb1 Qa5
21. Nd2 Qc5 22. Nf3 Bf6 23. h4 h6 24. Nd3 Qa5 25. b4 Qa3 26. Nfe5 Rd8 27. Rb1
Bxe5 28. Nxe5 a5 29. Qb3 axb4 30. Qxb4 Qxa2+ 31. Rb2 Qa6 32. Rb3 f6 33. Ra3
Qxa3 34. Qxa3 fxe5 35. Qa8+ Kd7 36. Qxb7 Bxc4+ 37. Kd2 Bd5 38. Qb2 Kd6 39. f4
Re8 40. Qb4+ c5 41. fxe5+ Rxe5 42. Qf4 Be4 43. h5 c4 44. Qxh6+ Kc5 45. Qf8+ Kb5
46. Qb8+ Kc6 47. Kc3 Re7 48. h6 Rd7 49. Qe8 Kd6 50. Kxc4 Bd5+ 51. Kc3 1-0

[Event "Lliga Catalana DH"]
[Site "?"]
[Date "2015.03.07"]
[Round "7.9"]
[White "Clopes Llahi, J."]
[Black "Fuertes Buisac, B."]
[Result "1/2-1/2"]
[WhiteElo "2253"]
[BlackElo "2126"]
[PlyCount "112"]
[EventDate "2015.??.??"]
[EventType "team"]

1. e4 c5 2. Nf3 g6 3. g3 Bg7 4. Bg2 e6 5. O-O Ne7 6. c3 O-O 7. Qe2 Nbc6 8. Rd1
d5 9. d3 d4 10. e5 Qc7 11. Re1 Rb8 12. c4 a6 13. b3 b5 14. Nbd2 bxc4 15. Nxc4
Nd5 16. Bd2 a5 17. Nb2 Ncb4 18. Rec1 Ba6 19. a3 Nxd3 20. Nxd3 Rxb3 21. Nfe1 Qa7
22. Qe4 c4 23. Nf4 c3 24. Rd1 cxd2 25. Rxd2 Nxf4 26. Qxf4 Qb8 27. Nf3 Rb1+ 28.
Rd1 Rxa1 29. Rxa1 Qb2 30. Rd1 Be2 31. Qc1 Qxc1 32. Rxc1 Bxf3 33. Bxf3 Bxe5 34.
Rc5 Bf6 35. Rxa5 d3 36. Kf1 Rd8 37. Ra8 d2 38. Rxd8+ Bxd8 39. Ke2 Ba5 40. Kd3
Kf8 41. Bd1 Ke7 42. Kc4 Bb6 43. f3 Kd6 44. a4 f5 45. h3 e5 46. Kd3 Ba5 47. g4
h6 48. Be2 Kd5 49. Bd1 e4+ 50. fxe4+ fxe4+ 51. Ke3 Bb4 52. h4 g5 53. hxg5 hxg5
54. Bb3+ Ke5 55. Bd1 Bc3 56. Bc2 Bb4 1/2-1/2

[Event "Lliga Catalana DH"]
[Site "?"]
[Date "2015.03.07"]
[Round "7.10"]
[White "Guerrero Pau, X."]
[Black "Gonzalez Verges, A."]
[Result "0-1"]
[WhiteElo "2109"]
[BlackElo "2276"]
[PlyCount "64"]
[EventDate "2015.??.??"]
[EventType "team"]

1. d4 Nf6 2. c4 g6 3. Nc3 Bg7 4. e4 d6 5. Nf3 O-O 6. Be2 Nc6 7. O-O e5 8. d5
Ne7 9. Ne1 Nd7 10. Be3 f5 11. f3 f4 12. Bf2 g5 13. Nd3 Rf6 14. Rc1 Bf8 15. b4
a6 16. c5 Rh6 17. a4 Qe8 18. Kh1 Nf6 19. Bg1 Qg6 20. Nf2 Rh4 21. Ng4 Nh5 22.
Bf2 Ng3+ 23. Bxg3 fxg3 24. h3 h5 25. Ne3 Qf6 26. Re1 Qf4 27. Nf5 Nxf5 28. exf5
Bxf5 29. Bf1 g4 30. fxg4 hxg4 31. Bd3 Qf2 32. Rf1 Rxh3+ 0-1

[Event "Lliga Catalana DH Final A"]
[Site "?"]
[Date "2015.03.14"]
[Round "8.1"]
[White "Gonzalez Rodriguez, JA."]
[Black "Rizouk, A."]
[Result "1-0"]
[WhiteElo "2465"]
[BlackElo "2530"]
[PlyCount "91"]
[EventDate "2015.??.??"]
[EventType "team"]

1. b3 e5 2. Bb2 Nc6 3. e3 Nf6 4. Bb5 Bd6 5. Bxc6 dxc6 6. d3 Bg4 7. Ne2 a5 8. a3
Nd7 9. Nbc3 Qg5 10. Ne4 Qg6 11. f3 Be6 12. Nxd6+ cxd6 13. O-O f5 14. f4 O-O 15.
Qd2 b6 16. Rae1 Rad8 17. e4 fxe4 18. dxe4 Nc5 19. Ng3 Qh6 20. Bc1 exf4 21. Rxf4
Rxf4 22. Qxf4 Qxf4 23. Bxf4 a4 24. b4 Nb7 25. Rd1 b5 26. Kf2 Kf7 27. Ke3 h6 28.
h4 d5 29. Be5 dxe4 30. Rxd8 Nxd8 31. Nxe4 Bd5 32. h5 Ne6 33. g4 Ke7 34. Nd6 Kf8
35. Nf5 Kf7 36. Kf2 Bh1 37. c4 bxc4 38. Nd6+ Kg8 39. Nxc4 Bd5 40. Ne3 Be4 41.
Nf5 Kh7 42. Ke3 Bg2 43. Nd6 g6 44. Ne4 gxh5 45. gxh5 Ng5 46. Nd6 1-0

[Event "Lliga Catalana DH Final A"]
[Site "?"]
[Date "2015.03.14"]
[Round "8.2"]
[White "Vassallo Barroche, M."]
[Black "Lillo Castany, V."]
[Result "1-0"]
[WhiteElo "2424"]
[BlackElo "2376"]
[PlyCount "49"]
[EventDate "2015.??.??"]
[EventType "team"]

1. Nf3 Nf6 2. b3 g6 3. Bb2 Bg7 4. g3 O-O 5. Bg2 d5 6. c4 c6 7. O-O Re8 8. d4
Ne4 9. e3 Nd7 10. Qe2 b6 11. Rd1 Ba6 12. a4 Rc8 13. Na3 Qc7 14. Rac1 Qb8 15. b4
dxc4 16. b5 c3 17. bxa6 cxb2 18. Qxb2 Nec5 19. Qe2 Nxa4 20. Ng5 Rf8 21. Bxc6
Qd6 22. Nb5 Qf6 23. Bxd7 Rxc1 24. Ne4 Rxd1+ 25. Qxd1 1-0

[Event "Lliga Catalana DH Final A"]
[Site "?"]
[Date "2015.03.14"]
[Round "8.3"]
[White "Cuadras Avellana, J."]
[Black "Alonso Moyano, J."]
[Result "1/2-1/2"]
[WhiteElo "2357"]
[BlackElo "2471"]
[PlyCount "80"]
[EventDate "2015.??.??"]
[EventType "team"]

1. e4 c5 2. Nc3 Nc6 3. Nf3 g6 4. d4 cxd4 5. Nxd4 Bg7 6. Be3 d6 7. Bc4 Nf6 8. h3
O-O 9. Bb3 Bd7 10. O-O Qa5 11. Re1 Rac8 12. Nd5 Rfe8 13. Bd2 Qa6 14. Bc3 Nxd5
15. exd5 Na5 16. Qf3 Nc4 17. Qd3 e5 18. dxe6 fxe6 19. a4 d5 20. a5 Qd6 21. Bxc4
Rxc4 22. Ne2 Bxc3 23. Nxc3 Bc6 24. b3 Rf4 25. Qg3 e5 26. Rad1 d4 27. Ne2 Re4
28. f3 Re3 29. Rxd4 Qf8 30. Rg4 e4 31. Nd4 Rxe1+ 32. Qxe1 exf3 33. Qf2 Qc5 34.
Nxf3 Qxa5 35. Qg3 Qc3 36. Nd4 Re1+ 37. Kh2 Qa1 38. Qb8+ Re8 39. Qd6 Re1 40.
Qb8+ Re8 1/2-1/2

[Event "Lliga Catalana DH Final A"]
[Site "?"]
[Date "2015.03.14"]
[Round "8.4"]
[White "Gomez Jurado, LA."]
[Black "Fernandez Perez, D."]
[Result "1-0"]
[WhiteElo "2431"]
[BlackElo "2335"]
[PlyCount "47"]
[EventDate "2015.??.??"]
[EventType "team"]

1. c4 c5 2. g3 Nc6 3. Bg2 g6 4. Nc3 Bg7 5. e4 e6 6. Nge2 Nge7 7. O-O O-O 8. d3
d6 9. Be3 Nd4 10. Rb1 Nec6 11. Qd2 Bd7 12. f4 Rb8 13. Bf2 Qa5 14. Rfd1 Nxe2+
15. Nxe2 Qxa2 16. e5 Rfd8 17. exd6 b6 18. d4 Nxd4 19. Nxd4 cxd4 20. Bxd4 Ba4
21. Bxg7 Kxg7 22. Qd4+ Kg8 23. Ra1 Qb3 24. c5 1-0